|
|
|
|
| LEADER |
00000nab a2200000 i 4500 |
| 001 |
publ314 |
| 005 |
20150615092123.0 |
| 008 |
150615s2001 hu o 000 zxx d |
| 040 |
|
|
|a BGE Publikációtár Repozitórium
|b hun
|
| 100 |
1 |
|
|a Hubai József
|
| 245 |
1 |
0 |
|a Magyarország természeti erőforrásainak külgazdasági földrajza
|c Hubai József
|h [elektronikus dokumentum]
|
| 260 |
|
|
|c 2001
|
| 300 |
|
|
|a 101-102
|
| 490 |
0 |
|
|a EU Working Papers
|v No. 1. sz.
|
| 650 |
|
4 |
|a regionális tudományok
|
| 695 |
|
|
|a Gazdaságföldrajz
|
| 695 |
|
|
|a Könyvismertetés
|
| 856 |
4 |
0 |
|u https://publikaciotar.uni-bge.hu/id/eprint/314/1/ewp_0101_05.pdf
|z Dokumentum-elérés
|